000
00300nam a22001457a 4500
003
SGT
082
_a
611
_b
B11O
100
_a
OOMMEN,ANITHA
245
_a
BASIC ANATOMY : UPPER LIMB
250
_a
1
260
_a
DELHI
_b
ANE BOOKS PUB
_c
2011
300
_a
102
650
_a
ANATOMY
942
_2
ddc
_c
BK
_0
1
999
_c
8701
_d
8701